000 00367nam a2200121Ia 4500
008 210430s9999 xx 000 0 und d
082 _a813.509 C257 W
100 _aRonald Carter
_91434
245 4 _aThe Web of Words Exploring Literature Through language
_cRonald Carter
260 _aIndia
_bCambridge University Press
_c2007
300 _a188p
942 _cBK
_2ddc
999 _c562578
_d562578